Melirik mawar

Bibliographic Details
Other Authors: Rahman Shaari
Format: Book
Published: Kuala Lumpur : DBP , 1994
Subjects:

MARC

LEADER 00000cam a2200000 7i4500
001 0000006827
002 000007356
005 20160120.0
020 |a 9836242406 
090 0 0 |a 899.2313   |b RAH 
245 0 0 |a Melirik mawar   |c diselenggarakan oleh Rahman Shaari 
260 |a Kuala Lumpur :   |b DBP ,   |c 1994 
300 |a 96p. ;   |c 18cm. 
650 0 0 |a Malay poetry 
700 0 |a Rahman Shaari 
999 |a 051928   |b BUKU   |c PINJAMAN   |e PERPUSTAKAAN KOMUNITI PETALING JAYA 
999 |a 051929   |b BUKU   |c PINJAMAN   |e PERPUSTAKAAN KOMUNITI PETALING JAYA 
999 |a 051930   |b BUKU   |c PINJAMAN   |e PERPUSTAKAAN KOMUNITI PETALING JAYA 
999 |a 055196   |b BUKU   |c PINJAMAN   |e PERPUSTAKAAN KOMUNITI PETALING JAYA 
999 |a 055197   |b BUKU   |c PINJAMAN   |e PERPUSTAKAAN KOMUNITI PETALING JAYA